[Event "FRA-chT Top 16 Basse"]
[Site "Belfort"]
[Date "2025.06.01"]
[Round "4.1"]
[White "Eugene, Floryan"]
[Black "Materia, Marco"]
[Result "1/2-1/2"]
[WhiteElo "2469"]
[BlackElo "2489"]
[PlyCount "217"]
[EventDate "2025.05.29"]
[EventType "team-tourn"]
[EventRounds "4"]
[EventCountry "FRA"]
[SourceTitle "CB23_2025"]
[SourceDate "2025.06.04"]
[SourceVersion "1"]
[SourceVersionDate "2025.06.04"]
[SourceQuality "1"]
[WhiteTeam "Le Mans"]
[BlackTeam "Bischwiller"]
[WhiteTeamCountry "FRA"]
[BlackTeamCountry "FRA"]

1. e4 c5 2. Nf3 e6 3. d4 cxd4 4. Nxd4 Nc6 5. Nc3 Qc7 6. Be3 a6 7. Qf3 Ne5 8. Qg3 b5 9. 0-0-0 Nf6 10. a3 Bb7 11. Bxb5 Rc8 12. Ba4 Nxe4 13. Nxe4 Bxe4 14. Bf4 Qa5 15. Bxe5 Qxa4 16. Rd2 Qc4 17. Bd6 Bd5 18. c3 Qa2 19. Nc2 Bxd6 20. Qxd6 Bc6 21. Re1 f5 22. Rde2 Kf7 23. Nb4 Qa1+ 24. Kc2 Ba4+ 25. Kd3 Bb5+ 26. Ke3 Rxc3+ 27. bxc3 Qxc3+ 28. Nd3 g5 29. g3 e5 30. Rd2 Re8 31. Rc1 f4+ 32. Kf3 e4+ 33. Kg2 f3+ 34. Kh3 Qg7 35. Rc5 exd3 36. Rxb5 axb5 37. Qxd7+ Kf8 38. Qxg7+ Kxg7 39. Rxd3 Re4 40. g4 b4 41. axb4 Rxb4 42. Kg3 Rb6 43. Rxf3 h5 44. h3 hxg4 45. hxg4 Kg6 46. Re3 Rb4 47. Re6+ Kf7 48. Rd6 Kg7 49. Ra6 Rb3+ 50. Kg2 Rc3 51. Ra4 Rb3 52. Re4 Ra3 53. Kf1 Ra2 54. Kg2 Ra3 55. Re3 Ra4 56. Kf3 Rf4+ 57. Kg3 Ra4 58. Re2 Ra3+ 59. f3 Kf6 60. Kf2 Rb3 61. Ra2 Kg6 62. Ra6+ Kf7 63. Rd6 Ra3 64. Ke2 Rb3 65. Rd3 Rb4 66. Ke3 Ke6 67. Ra3 Rb6 68. Rc3 Rb4 69. Rc6+ Kf7 70. Rd6 Ra4 71. Rd4 Ra1 72. Rd5 Kf6 73. Rd6+ Ke7 74. Rg6 Ra3+ 75. Kf2 Ra2+ 76. Kg3 Ra5 77. Rh6 Kf7 78. Rh2 Kf6 79. Re2 Ra3 80. Kf2 Kf7 81. Re5 Kf6 82. Rd5 Rb3 83. Ke2 Ra3 84. Rd3 Ra4 85. Ke3 Ke6 86. Rb3 Ra6 87. Rb4 Ke5 88. Rb5+ Kf6 89. Rd5 Ra4 90. Rd6+ Kf7 91. Rd4 Ra1 92. Rc4 Ke6 93. Rc6+ Kf7 94. Kd4 Ra3 95. Rc3 Ra4+ 96. Rc4 Ra5 97. Ke4 Ke6 98. Rc6+ Kf7 99. Rd6 Ra4+ 100. Rd4 Ra3 101. Rd3 Ra4+ 102. Rd4 Ra3 103. Rd5 Kf6 104. Rd6+ Kf7 105. Rd3 Ra4+ 106. Rd4 Ra3 107. Kf5 Ra5+ 108. Ke4 Ra3 109. Rd8 1/2-1/2

[Event "FRA-chT Top 16 Basse"]
[Site "Belfort"]
[Date "2025.05.30"]
[Round "2.1"]
[White "Eugene, Floryan"]
[Black "Van Wely, Loek"]
[Result "1-0"]
[WhiteElo "2469"]
[BlackElo "2609"]
[PlyCount "63"]
[EventDate "2025.05.29"]
[EventType "team-tourn"]
[EventRounds "4"]
[EventCountry "FRA"]
[SourceTitle "CB23_2025"]
[SourceDate "2025.06.04"]
[SourceVersion "1"]
[SourceVersionDate "2025.06.04"]
[SourceQuality "1"]
[WhiteTeam "Le Mans"]
[BlackTeam "Clichy Echecs 92"]
[WhiteTeamCountry "FRA"]
[BlackTeamCountry "FRA"]

1. e4 c5 2. Nf3 e6 3. Nc3 a6 4. g3 Nc6 5. Bg2 d6 6. d4 cxd4 7. Nxd4 Bd7 8. 0-0 Nf6 9. Be3 Be7 10. Nxc6 Bxc6 11. a4 0-0 12. a5 Nd7 13. Na4 f5 14. exf5 Bxg2 15. Kxg2 Rxf5 16. Nb6 Nxb6 17. axb6 Rc8 18. Qd3 Qd7 19. c4 Qc6+ 20. Kg1 h5 21. h4 Qf3 22. Rad1 Bxh4 23. Qxd6 Rxc4 24. Qxe6+ Kh7 25. Qxc4 Bxg3 26. Rd8 Be5 27. Rfd1 Qh3 28. Qg8+ Kg6 29. R1d6+ Bxd6 30. Rxd6+ Rf6 31. Qe8+ Kh7 32. Qe4+ 1-0

[Event "FRA-chT Top 16 GpA"]
[Site "Belfort"]
[Date "2025.05.28"]
[Round "7.25"]
[White "Eugene, Floryan"]
[Black "Maurizzi, Marc Andria"]
[Result "1/2-1/2"]
[WhiteElo "2469"]
[BlackElo "2607"]
[PlyCount "48"]
[EventDate "2025.05.22"]
[EventType "team-tourn"]
[EventRounds "7"]
[EventCountry "FRA"]
[SourceTitle "CB22_2025"]
[SourceDate "2025.05.28"]
[SourceVersion "1"]
[SourceVersionDate "2025.05.28"]
[SourceQuality "1"]
[WhiteTeam "Le Mans"]
[BlackTeam "Chartres"]
[WhiteTeamCountry "FRA"]
[BlackTeamCountry "FRA"]

1. e4 e5 2. Nf3 Nc6 3. Bb5 a6 4. Ba4 Nf6 5. 0-0 Bc5 6. c3 b5 7. Bb3 Ba7 8. d3 d6 9. Re1 0-0 10. h3 Ne7 11. Nbd2 Ng6 12. Nf1 h6 13. Ng3 Re8 14. a4 Be6 15. d4 Qd7 16. Be3 exd4 17. Bxd4 Bxd4 18. Nxd4 Bxb3 19. Qxb3 bxa4 20. Qxa4 Qxa4 21. Rxa4 h5 22. Nf3 Rab8 23. Rxa6 Rxb2 24. Ra7 Ne5 1/2-1/2

[Event "Karlsruhe Grenke op"]
[Site "Karlsruhe"]
[Date "2025.04.20"]
[Round "7"]
[White "Eugene, Floryan"]
[Black "Schulze, Lara"]
[Result "1-0"]
[WhiteElo "2476"]
[BlackElo "2320"]
[PlyCount "71"]
[EventDate "2025.04.17"]
[EventType "swiss"]
[EventRounds "9"]
[EventCountry "GER"]
[SourceTitle "CB17_2025"]
[SourceDate "2025.04.23"]
[SourceVersion "1"]
[SourceVersionDate "2025.04.23"]
[SourceQuality "1"]

1. e4 e5 2. Nf3 Nc6 3. Bb5 a6 4. Ba4 Nf6 5. 0-0 d6 6. c3 Bd7 7. d4 g6 8. Qe2 Bg7 9. Bxc6 Bxc6 10. dxe5 Nxe4 11. Nd4 d5 12. Nd2 Nxd2 13. Bxd2 0-0 14. Bf4 Bd7 15. Qd2 Re8 16. Rfe1 Be6 17. Bg5 Qd7 18. h3 c5 19. Nf3 Rac8 20. Rad1 Qc6 21. Qf4 Rc7 22. b3 Rd7 23. Bh6 Bh8 24. Ng5 Qc7 25. Rd2 f6 26. Nxe6 Rxe6 27. Qf3 Qd8 28. Red1 Rxe5 29. Bf4 Ree7 30. Rxd5 f5 31. Rd6 Rxd6 32. Rxd6 Qe8 33. Qd5+ Kg7 34. Rd8 Re1+ 35. Kh2 Qe6 36. Qxb7+ 1-0

[Event "Karlsruhe Grenke op"]
[Site "Karlsruhe"]
[Date "2025.04.19"]
[Round "5"]
[White "Eugene, Floryan"]
[Black "Roser, Kevin"]
[Result "1-0"]
[WhiteElo "2476"]
[BlackElo "2369"]
[PlyCount "91"]
[EventDate "2025.04.17"]
[EventType "swiss"]
[EventRounds "9"]
[EventCountry "GER"]
[SourceTitle "CB17_2025"]
[SourceDate "2025.04.23"]
[SourceVersion "1"]
[SourceVersionDate "2025.04.23"]
[SourceQuality "1"]

1. e4 c5 2. Nf3 Nc6 3. Bb5 g6 4. 0-0 Bg7 5. Re1 e5 6. Bxc6 dxc6 7. d3 Qe7 8. a3 Nf6 9. Nbd2 0-0 10. b4 Rd8 11. bxc5 Qxc5 12. Nc4 Ne8 13. Be3 Qe7 14. Qb1 f6 15. a4 b6 16. a5 b5 17. Ncd2 Nc7 18. d4 exd4 19. Nxd4 Bd7 20. Qb3+ Kh8 21. c4 Ne6 22. cxb5 Nxd4 23. Bxd4 cxb5 24. Qb2 Be6 25. Nf3 a6 26. Bb6 Rd3 27. Rad1 Rxd1 28. Rxd1 Bg4 29. Qc2 Re8 30. Qc6 Rc8 31. Qd5 Be6 32. Qd4 b4 33. Bd8 Qf8 34. h3 b3 35. Qb6 Bg8 36. Rd7 b2 37. Nd2 f5 38. Bc7 fxe4 39. Qb7 Be6 40. Bd6 Qg8 41. Re7 Rd8 42. Qc7 Bf6 43. Be5 Rf8 44. Bxf6+ Rxf6 45. Qe5 Qf8 46. Rxe6 1-0

[Event "Karlsruhe Grenke op"]
[Site "Karlsruhe"]
[Date "2025.04.18"]
[Round "2"]
[White "Lesny, Florian"]
[Black "Eugene, Floryan"]
[Result "0-1"]
[WhiteElo "2225"]
[BlackElo "2476"]
[PlyCount "128"]
[EventDate "2025.04.17"]
[EventType "swiss"]
[EventRounds "9"]
[EventCountry "GER"]
[SourceTitle "CB17_2025"]
[SourceDate "2025.04.23"]
[SourceVersion "1"]
[SourceVersionDate "2025.04.23"]
[SourceQuality "1"]

1. e4 c5 2. Nf3 Nc6 3. d4 cxd4 4. Nxd4 Nf6 5. Nc3 d6 6. Bg5 Bd7 7. Qd2 a6 8. 0-0-0 e6 9. f4 Be7 10. Nf3 b5 11. e5 b4 12. exf6 bxc3 13. Qxc3 gxf6 14. Bh4 Rg8 15. Kb1 Rb8 16. h3 h5 17. Bc4 d5 18. Bb3 a5 19. f5 Rb4 20. a3 Rf4 21. fxe6 fxe6 22. Qe3 Qb8 23. g3 Rf5 24. Rhe1 Rxg3 25. Bxg3 Qxg3 26. Ng1 Qxe3 27. Rxe3 Ne5 28. Ne2 a4 29. Ba2 Bc5 30. Rc3 Bf2 31. b3 Nf3 32. bxa4 Bxa4 33. Rc7 Re5 34. Nc3 Bd7 35. Bb3 Kd8 36. Rb7 Kc8 37. Rb4 Be1 38. Rf4 Nd2+ 39. Kb2 Re3 40. Bxd5 exd5 41. Nxd5 Re6 42. Rxf6 Nc4+ 43. Ka2 Re2 44. Rf8+ Kb7 45. Nb4 Be6 46. Re8 Ne3+ 47. Rxe6 Nxd1 48. Rh6 h4 49. Nd3 Bg3 50. Kb3 Nf2 51. Nf4 Bxf4 52. Rxh4 Re3+ 53. Kc4 Nxh3 54. a4 Bc7 55. Rh7 Ng5 56. Rh5 Ne6 57. Rh6 Nd8 58. c3 Re5 59. Rh7 Nc6 60. Rg7 Kb6 61. Rg6 Rc5+ 62. Kb3 Be5 63. c4 Bc7 64. Rh6 Rg5 0-1

[Event "Noisiel op 10th"]
[Site "Noisiel"]
[Date "2025.04.15"]
[Round "7"]
[White "Muthaiah, Al"]
[Black "Eugene, Floryan"]
[Result "1/2-1/2"]
[WhiteElo "2476"]
[BlackElo "2476"]
[PlyCount "34"]
[EventDate "2025.04.12"]
[EventType "swiss"]
[EventRounds "9"]
[EventCountry "FRA"]
[SourceTitle "CB17_2025"]
[SourceDate "2025.04.23"]
[SourceVersion "1"]
[SourceVersionDate "2025.04.23"]
[SourceQuality "1"]

1. d4 Nf6 2. c4 g6 3. g3 Bg7 4. Bg2 0-0 5. Nc3 d6 6. Nf3 Nbd7 7. 0-0 e5 8. dxe5 dxe5 9. h3 c6 10. Be3 Qe7 11. Qb3 Re8 12. Rad1 Bf8 13. Ng5 Nc5 14. Bxc5 Qxc5 15. Nce4 Nxe4 16. Nxe4 Qe7 17. Nd6 Rd8 1/2-1/2

[Event "Noisiel op 10th"]
[Site "Noisiel"]
[Date "2025.04.14"]
[Round "6"]
[White "Eugene, Floryan"]
[Black "Charmeteau, Sven"]
[Result "1-0"]
[WhiteElo "2476"]
[BlackElo "2298"]
[PlyCount "83"]
[EventDate "2025.04.12"]
[EventType "swiss"]
[EventRounds "9"]
[EventCountry "FRA"]
[SourceTitle "CB17_2025"]
[SourceDate "2025.04.23"]
[SourceVersion "1"]
[SourceVersionDate "2025.04.23"]
[SourceQuality "1"]

1. e4 c5 2. Nf3 d6 3. d4 cxd4 4. Nxd4 Nf6 5. Nc3 a6 6. Be2 e5 7. Nb3 Be7 8. Be3 Be6 9. Nd5 Nxd5 10. exd5 Bf5 11. 0-0 0-0 12. Qd2 a5 13. a4 Nd7 14. Kh1 Re8 15. Bb5 Qc7 16. c4 b6 17. f4 exf4 18. Bxf4 Be4 19. Bc6 Rad8 20. Nd4 Rf8 21. b4 axb4 22. Qxb4 Nc5 23. a5 bxa5 24. Qxc5 dxc5 25. Bxc7 cxd4 26. Bxd8 Bxd8 27. Rae1 Bd3 28. Rf4 Bb6 29. d6 Bxc4 30. Be8 g5 31. Rg4 d3 32. d7 Bb3 33. Rd4 Bxd4 34. d8Q Bc3 35. Qxg5+ Kh8 36. Qc5 Bb4 37. Qd4+ f6 38. Re3 Bc2 39. Bh5 d2 40. Rg3 d1Q+ 41. Bxd1 Bxd1 42. Qd7 1-0

[Event "Noisiel op 10th"]
[Site "Noisiel"]
[Date "2025.04.13"]
[Round "4"]
[White "Eugene, Floryan"]
[Black "Richter, Michael"]
[Result "1-0"]
[WhiteElo "2476"]
[BlackElo "2402"]
[PlyCount "77"]
[EventDate "2025.04.12"]
[EventType "swiss"]
[EventRounds "9"]
[EventCountry "FRA"]
[SourceTitle "CB17_2025"]
[SourceDate "2025.04.23"]
[SourceVersion "1"]
[SourceVersionDate "2025.04.23"]
[SourceQuality "1"]

1. e4 c6 2. d4 d5 3. e5 Bf5 4. Nd2 e6 5. Nb3 a5 6. a4 Nd7 7. h4 h5 8. Be2 Qb6 9. Be3 Ne7 10. Nh3 Ng6 11. g3 Bb4+ 12. Kf1 0-0-0 13. Bd3 Bxd3+ 14. Qxd3 c5 15. dxc5 Nxc5 16. Bxc5 Bxc5 17. Qc3 Qa6+ 18. Kg2 b6 19. Nxc5 bxc5 20. Qxc5+ Kb7 21. Ra3 Rc8 22. Qe3 Ka8 23. Rb3 Rb8 24. Ng5 Rxb3 25. cxb3 Qb7 26. Nf3 Rc8 27. Rc1 Rxc1 28. Qxc1 Qxb3 29. Qc7 Qxa4 30. Qxf7 Qg4 31. Kg1 a4 32. Qg8+ Kb7 33. Qxg7+ Kb6 34. Qf6 Kc5 35. Ng5 Qd1+ 36. Kh2 Qe2 37. Nxe6+ Kc4 38. Nf8 Nxf8 39. Qa6+ 1-0

[Event "Noisiel op 10th"]
[Site "Noisiel"]
[Date "2025.04.12"]
[Round "1"]
[White "Bol, Frederic"]
[Black "Eugene, Floryan"]
[Result "0-1"]
[WhiteElo "2132"]
[BlackElo "2476"]
[PlyCount "106"]
[EventDate "2025.04.12"]
[EventType "swiss"]
[EventRounds "9"]
[EventCountry "FRA"]
[SourceTitle "CB17_2025"]
[SourceDate "2025.04.23"]
[SourceVersion "1"]
[SourceVersionDate "2025.04.23"]
[SourceQuality "1"]

1. e4 c5 2. Nf3 Nc6 3. d4 cxd4 4. Nxd4 Nf6 5. Nc3 d6 6. Bg5 Bd7 7. Qd2 a6 8. 0-0-0 e6 9. Nxc6 Bxc6 10. f3 Qc7 11. g4 b5 12. Bf4 Rd8 13. Bd3 Nd7 14. Kb1 Be7 15. h4 Nc5 16. g5 b4 17. Ne2 e5 18. Be3 d5 19. Bxc5 Bxc5 20. Ng3 0-0 21. h5 dxe4 22. fxe4 Bb5 23. Nf5 Qb6 24. Qh2 Bxd3 25. cxd3 b3 26. a3 Rfe8 27. g6 Rd7 28. h6 fxg6 29. Nxg7 Ree7 30. Qg3 Bf2 31. Qg4 Rf7 32. Rhf1 Qc5 33. Rc1 Be3 34. Nf5 Bxc1 35. Rxc1 Qb5 36. Ne3 Qxd3+ 37. Ka1 Qxe3 38. Rc8+ Rf8 39. Qe6+ Rdf7 40. Rxf8+ Kxf8 41. Qd6+ Ke8 42. Qb8+ Kd7 43. Qb7+ Ke6 44. Qc6+ Ke7 45. Qc7+ Kf6 46. Qd8+ Re7 47. Qf8+ Ke6 48. Qc8+ Rd7 49. Qe8+ Kf6 50. Qh8+ Kg5 51. Qxe5+ Kxh6 52. Qh2+ Kg7 53. Qe5+ Kf7 0-1

[Event "Rochefort op 23rd"]
[Site "Rochefort"]
[Date "2025.02.23"]
[Round "2"]
[White "Eugene, Floryan"]
[Black "Vigneau Zorraquino, Cioran"]
[Result "1-0"]
[WhiteElo "2468"]
[BlackElo "2103"]
[PlyCount "83"]
[EventDate "2025.02.22"]
[EventType "swiss"]
[EventRounds "9"]
[EventCountry "FRA"]
[SourceTitle "CB10_2025"]
[SourceDate "2025.03.05"]
[SourceVersion "1"]
[SourceVersionDate "2025.03.05"]
[SourceQuality "1"]

1. e4 c5 2. Nf3 d6 3. Bb5+ Nd7 4. 0-0 a6 5. Bd3 Ngf6 6. Re1 g6 7. Bf1 Bg7 8. d4 cxd4 9. Nxd4 0-0 10. Nc3 e5 11. Nb3 Qc7 12. a4 b6 13. Nd2 Bb7 14. Nc4 Ne8 15. Nd5 Bxd5 16. Qxd5 Rd8 17. Bg5 Ndf6 18. Qd2 d5 19. Rad1 d4 20. Qb4 Rb8 21. c3 h6 22. Bh4 dxc3 23. Qxc3 Nh5 24. f3 Nf4 25. Bf2 Ne6 26. Nxb6 Nf6 27. Qxc7 Nxc7 28. b4 Rfd8 29. Rxd8+ Rxd8 30. Rc1 Nfe8 31. Nc4 Rb8 32. Rb1 Bf8 33. b5 axb5 34. Nxe5 Ra8 35. axb5 Ne6 36. Nd7 Bd6 37. b6 Rd8 38. Bb5 Kg7 39. e5 Bb8 40. Nxb8 Rxb8 41. Bxe8 Rxe8 42. b7 1-0

[Event "Cappelle op 41st"]
[Site "Cappelle la Grande"]
[Date "2025.02.21"]
[Round "9"]
[White "Eugene, Floryan"]
[Black "Kanov, Nikola"]
[Result "1/2-1/2"]
[WhiteElo "2468"]
[BlackElo "2405"]
[PlyCount "237"]
[EventDate "2025.02.15"]
[EventType "swiss"]
[EventRounds "9"]
[EventCountry "FRA"]
[SourceTitle "CB09_2025"]
[SourceDate "2025.02.27"]
[SourceVersion "1"]
[SourceVersionDate "2025.02.27"]
[SourceQuality "1"]

1. e4 e6 2. d4 d5 3. Nc3 Bb4 4. Nge2 Nf6 5. e5 Nfd7 6. f4 0-0 7. a3 Be7 8. Be3 c5 9. Qd2 Nc6 10. g3 b6 11. h4 Ba6 12. Bh3 Qc7 13. Bf2 cxd4 14. Nxd4 Nc5 15. Bg2 Rfd8 16. Ncb5 Qd7 17. Nxc6 Qxc6 18. Nd4 Qc7 19. 0-0-0 Rac8 20. Kb1 Ne4 21. Bxe4 dxe4 22. Rhe1 Bb7 23. Qe2 Bd5 24. Nb5 Qb7 25. Rd4 a6 26. Nc3 Rxc3 27. bxc3 b5 28. Kb2 Rc8 29. Rxe4 Bxe4 30. Qxe4 Qc7 31. Bd4 a5 32. Re3 Bf8 33. Qd3 Rb8 34. Re1 b4 35. cxb4 axb4 36. a4 Rd8 37. Rd1 Rd5 38. Kb3 Qd7 39. Qe4 h5 40. Rd3 Ra5 41. Kb2 Qxa4 42. Kc1 Ra8 43. Bb2 Rc8 44. Rf3 g6 45. Kb1 Qa7 46. Qd4 Qb7 47. Qd1 Qe4 48. Rd3 Qc4 49. Rd4 Qc6 50. Rd3 Qa4 51. Rd4 Ra8 52. Qd3 Qa2+ 53. Kc1 Rc8 54. Rd8 Rxd8 55. Qxd8 b3 56. Qd4 Ba3 57. cxb3 Qxb3 58. Bxa3 Qxa3+ 59. Kd2 Qxg3 60. Qd8+ Kh7 61. Qf6 Qg2+ 62. Kc3 Qc6+ 63. Kb4 Qc7 64. Kb5 Kg8 65. Kb4 Qb6+ 66. Kc4 Qc6+ 67. Kd4 Qd5+ 68. Ke3 Qc5+ 69. Ke4 Qc7 70. Ke3 Kf8 71. Qh8+ Ke7 72. Qf6+ Ke8 73. Ke4 Qc4+ 74. Ke3 Qb3+ 75. Kd4 Qb4+ 76. Ke3 Qf8 77. Kd4 Kd7 78. Kd3 Kc6 79. Kc4 Qc5+ 80. Kd3 Qa3+ 81. Kc4 Qf8 82. Qg5 Qc5+ 83. Kd3 Qd5+ 84. Kc3 Qf3+ 85. Kd4 Qf2+ 86. Kc4 Qc2+ 87. Kd4 Qc5+ 88. Kd3 Qa3+ 89. Kc4 Qe3 90. Qf6 Qc5+ 91. Kd3 Qd5+ 92. Kc3 Qd7 93. Kc4 Kb6 94. Qg5 Qd5+ 95. Kc3 Kb5 96. Qf6 Qd7 97. Qh8 Kc5 98. Qf8+ Kb6 99. Qb8+ Qb7 100. Qxb7+ Kxb7 101. Kb3 Kc7 102. Kc3 Kd7 103. Kd3 Ke7 104. Ke3 Kf8 105. Kd4 Kg7 106. Ke3 Kf8 107. Kd4 Kg7 108. Ke3 f6 109. exf6+ Kf7 110. Kf3 Kxf6 111. Ke4 Kf7 112. Kf3 Ke7 113. Ke3 Kd8 114. Kd4 Kd7 115. Kd3 Kc6 116. Kc4 Kd7 117. Kd3 Ke7 118. Ke3 Kf7 119. Kf3 1/2-1/2

[Event "Cappelle op 41st"]
[Site "Cappelle la Grande"]
[Date "2025.02.20"]
[Round "8"]
[White "Wirig, Anthony"]
[Black "Eugene, Floryan"]
[Result "1/2-1/2"]
[WhiteElo "2419"]
[BlackElo "2468"]
[PlyCount "65"]
[EventDate "2025.02.15"]
[EventType "swiss"]
[EventRounds "9"]
[EventCountry "FRA"]
[SourceTitle "CB09_2025"]
[SourceDate "2025.02.27"]
[SourceVersion "1"]
[SourceVersionDate "2025.02.27"]
[SourceQuality "1"]

1. d4 Nf6 2. c4 g6 3. Nc3 Bg7 4. e4 d6 5. Be2 0-0 6. h4 c5 7. d5 e6 8. h5 exd5 9. exd5 Nbd7 10. h6 Bh8 11. Bg5 Re8 12. Rh4 b5 13. cxb5 a6 14. Kf1 axb5 15. Bxb5 Qb6 16. a4 Ba6 17. Nf3 Bxb5+ 18. axb5 Qb7 19. Rxa8 Rxa8 20. Ra4 Nb6 21. Rxa8+ Qxa8 22. Bf4 Ne8 23. g3 Bxc3 24. bxc3 Qxd5 25. Qxd5 Nxd5 26. Nd2 Kf8 27. Nc4 Ke7 28. b6 Kd7 29. b7 Kc7 30. Bxd6+ Kxb7 31. Bxc5 Nxc3 32. Ne5 Ne4 33. Be7 1/2-1/2

[Event "Cappelle op 41st"]
[Site "Cappelle la Grande"]
[Date "2025.02.18"]
[Round "5"]
[White "Eugene, Floryan"]
[Black "Laignel, Quentin"]
[Result "1/2-1/2"]
[WhiteElo "2468"]
[BlackElo "2242"]
[PlyCount "50"]
[EventDate "2025.02.15"]
[EventType "swiss"]
[EventRounds "9"]
[EventCountry "FRA"]
[SourceTitle "CB09_2025"]
[SourceDate "2025.02.27"]
[SourceVersion "1"]
[SourceVersionDate "2025.02.27"]
[SourceQuality "1"]

1. e4 c6 2. d4 d5 3. e5 Bf5 4. Nd2 e6 5. Nb3 Nd7 6. h4 h5 7. Be2 c5 8. dxc5 Nxc5 9. Nd4 Be4 10. Ngf3 Ne7 11. Ng5 Bg6 12. Nh3 Nd7 13. Bg5 Qb6 14. Nf4 Nxe5 15. Bb5+ N7c6 16. 0-0 Bd6 17. Re1 0-0 18. Bxc6 bxc6 19. Nxg6 Nxg6 20. Nb3 a5 21. a4 c5 22. Qxh5 c4 23. Be3 Qd8 24. Bg5 Qb6 25. Be3 Qd8 1/2-1/2

[Event "Cappelle op 41st"]
[Site "Cappelle la Grande"]
[Date "2025.02.17"]
[Round "4"]
[White "Meillon, Judicael"]
[Black "Eugene, Floryan"]
[Result "1/2-1/2"]
[WhiteElo "2321"]
[BlackElo "2468"]
[PlyCount "107"]
[EventDate "2025.02.15"]
[EventType "swiss"]
[EventRounds "9"]
[EventCountry "FRA"]
[SourceTitle "CB09_2025"]
[SourceDate "2025.02.27"]
[SourceVersion "1"]
[SourceVersionDate "2025.02.27"]
[SourceQuality "1"]

1. Nf3 g6 2. d4 Bg7 3. e4 d6 4. Be2 Nf6 5. Nc3 0-0 6. 0-0 a6 7. Re1 Nc6 8. d5 Ne5 9. Nxe5 dxe5 10. Be3 Ne8 11. Na4 Nd6 12. f3 e6 13. c4 exd5 14. cxd5 f5 15. Qc2 Rf7 16. Nc5 Qe7 17. Rac1 Bf6 18. Ne6 Bxe6 19. dxe6 Qxe6 20. Bc5 Kg7 21. Bxd6 Qxd6 22. exf5 Bg5 23. fxg6 hxg6 24. Rcd1 Be3+ 25. Kh1 Bd4 26. Bc4 Rf5 27. Re4 Rh8 28. Rg4 Rfh5 29. h3 c5 30. Qe4 b5 31. Qb7+ Kh6 32. Bd3 Rg8 33. Qf7 Rg7 34. Qe8 Kh7 35. Bc2 Qf6 36. Re1 Rg8 37. Qd7+ Kh8 38. f4 Bxb2 39. f5 g5 40. Rd1 Bd4 41. a4 Rh7 42. Qd5 Rd8 43. Qf3 Rhd7 44. axb5 axb5 45. Qb3 Rb8 46. Bd3 Be3 47. Rb1 Bf4 48. g3 c4 49. Bxc4 Qc6+ 50. Kg1 Rd2 51. gxf4 Qc5+ 52. Kh1 Qc6+ 53. Kg1 Rbd8 54. Bf1 1/2-1/2

[Event "Cappelle op 41st"]
[Site "Cappelle la Grande"]
[Date "2025.02.15"]
[Round "1"]
[White "Eugene, Floryan"]
[Black "Varoquier, Romain"]
[Result "1-0"]
[WhiteElo "2468"]
[BlackElo "2148"]
[PlyCount "119"]
[EventDate "2025.02.15"]
[EventType "swiss"]
[EventRounds "9"]
[EventCountry "FRA"]
[SourceTitle "CB09_2025"]
[SourceDate "2025.02.27"]
[SourceVersion "1"]
[SourceVersionDate "2025.02.27"]
[SourceQuality "1"]

1. e4 e5 2. Nf3 Nc6 3. Bb5 f5 4. Nc3 fxe4 5. Nxe4 d5 6. Nxe5 dxe4 7. Nxc6 Qg5 8. Qe2 Nf6 9. Nxa7+ Bd7 10. Bxd7+ Nxd7 11. f4 Qc5 12. Nb5 Qxc2 13. d4 Qxe2+ 14. Kxe2 Bd6 15. Rd1 Nf6 16. d5 0-0 17. Be3 Ra5 18. a4 Ng4 19. Nxd6 cxd6 20. b4 Raa8 21. h3 Nf6 22. a5 Rfc8 23. Ra2 Rc4 24. Rb2 h5 25. Bf2 Kf7 26. Be1 Kg6 27. Ke3 Kf5 28. Rd4 Rac8 29. Bd2 g5 30. fxg5 Kxg5 31. b5 Kf5 32. a6 b6 33. Be1 Rc1 34. Bh4 R8c3+ 35. Ke2 Nd7 36. Ra4 Rc8 37. Ke3 Nc5 38. Rf2+ Ke5 39. Bg3+ Kxd5 40. Rd4+ Ke6 41. Rxd6+ Ke7 42. Rff6 Rc3+ 43. Kf2 e3+ 44. Ke2 Rc2+ 45. Kxe3 Rc3+ 46. Kf4 Rxg3 47. Rc6 Rcg8 48. Rh6 Nd3+ 49. Ke4 Nf2+ 50. Kd4 Rd8+ 51. Kc4 Rdd3 52. Rh7+ Kd8 53. Rxb6 Rc3+ 54. Kd5 Rgd3+ 55. Ke6 Re3+ 56. Kf5 Rc5+ 57. Kg6 Rg3+ 58. Kh6 Kc8 59. a7 Ra3 60. Rb8# 1-0

[Event "Titled Tuesday intern op 04th Feb Late"]
[Site "Chess.com INT"]
[Date "2025.02.04"]
[Round "3"]
[White "Eugene, Floryan"]
[Black "Deac, Bogdan Daniel"]
[Result "0-1"]
[WhiteElo "2468"]
[BlackElo "2692"]
[PlyCount "60"]
[EventDate "2025.02.04"]
[EventType "swiss (blitz)"]
[EventRounds "11"]
[EventCountry "USA"]
[SourceTitle "CB07_2025"]
[SourceDate "2025.02.12"]
[SourceVersion "1"]
[SourceVersionDate "2025.02.12"]
[SourceQuality "1"]

1. Nf3 d5 2. e3 g6 3. c4 Nf6 4. Nc3 Bg7 5. cxd5 Nxd5 6. e4 Nb6 7. d4 0-0 8. Be2 Bg4 9. Be3 Nc6 10. d5 Bxf3 11. gxf3 Ne5 12. Qb3 c6 13. f4 Ned7 14. Rd1 Bxc3+ 15. bxc3 cxd5 16. exd5 Rc8 17. c4 Qc7 18. Rc1 Nc5 19. Qa3 Nbd7 20. h4 Qd6 21. h5 Kg7 22. Qc3+ Nf6 23. f5 gxf5 24. Bd4 Nce4 25. Qe3 Kh8 26. h6 Rg8 27. Bd3 Rg2 28. Qf3 Rcg8 29. Rf1 Qb4+ 30. Kd1 Qd2# 0-1

[Event "Titled Tuesday intern op 04th Feb Late"]
[Site "Chess.com INT"]
[Date "2025.02.04"]
[Round "7"]
[White "Eugene, Floryan"]
[Black "Di Berardino, Diego Rafael"]
[Result "1-0"]
[WhiteElo "2468"]
[BlackElo "2457"]
[PlyCount "55"]
[EventDate "2025.02.04"]
[EventType "swiss (blitz)"]
[EventRounds "11"]
[EventCountry "USA"]
[SourceTitle "CB07_2025"]
[SourceDate "2025.02.12"]
[SourceVersion "1"]
[SourceVersionDate "2025.02.12"]
[SourceQuality "1"]

1. Nf3 Nf6 2. e3 g6 3. d4 Bg7 4. Be2 0-0 5. 0-0 c5 6. c4 cxd4 7. exd4 d5 8. Nc3 dxc4 9. Bxc4 Nc6 10. h3 Na5 11. Bd3 Be6 12. Re1 Rc8 13. Rxe6 fxe6 14. Ng5 Qd6 15. Qe2 Nc6 16. Nb5 Qd7 17. Bc4 Nd8 18. Nxe6 Rxc4 19. Nxf8 Qxb5 20. Qxe7 Rxd4 21. Be3 Rd3 22. Rc1 Qe8 23. Bc5 Bxf8 24. Qxf6 Bxc5 25. Rxc5 Rd1+ 26. Kh2 Qd7 27. f4 Qd6 28. Qg5 1-0

[Event "Titled Tuesday intern op 04th Feb Late"]
[Site "Chess.com INT"]
[Date "2025.02.04"]
[Round "10"]
[White "Eugene, Floryan"]
[Black "Frischmann, Rick"]
[Result "1-0"]
[WhiteElo "2468"]
[BlackElo "2344"]
[PlyCount "81"]
[EventDate "2025.02.04"]
[EventType "swiss (blitz)"]
[EventRounds "11"]
[EventCountry "USA"]
[SourceTitle "CB07_2025"]
[SourceDate "2025.02.12"]
[SourceVersion "1"]
[SourceVersionDate "2025.02.12"]
[SourceQuality "1"]

1. f4 d5 2. Nf3 g6 3. g3 Bg7 4. Bg2 Nh6 5. 0-0 0-0 6. d3 d4 7. a4 c5 8. Na3 Nc6 9. Nc4 Be6 10. e4 dxe3 11. Nxe3 Qd7 12. Ng5 Bg4 13. Nxg4 Nxg4 14. c3 Rad8 15. Qe2 h5 16. h3 Nh6 17. Rd1 Rfe8 18. Be3 e5 19. Qf2 b6 20. Ne4 Nf5 21. Bc1 c4 22. Bf1 Na5 23. Be3 Nxe3 24. Qxe3 exf4 25. Qxf4 Nb3 26. Rab1 Qxa4 27. dxc4 Qc6 28. Nd6 Re7 29. Bg2 Qc5+ 30. Kh2 Be5 31. Ne4 Rxd1 32. Qg5 Bxg3+ 33. Qxg3 Rxe4 34. Rxd1 Re8 35. Rd7 a5 36. Bd5 Rf8 37. Qxg6+ Kh8 38. Qxh5+ Kg8 39. Bxf7+ Kg7 40. Qg6+ Kh8 41. Qh6# 1-0